000
00315nam a22001337a 4500
020
_a
978-81-310-1980-1
082
_a
823
_b
MAN/A
100
_a
MANOJ PUBLICATIONS
245
_a
ALADDIN AND THE MAGIC LAMP
260
_a
DELHI
_b
MANOJ PUBLICATIONS
300
_a
17
650
_a
ENGLISH SHORT STORY
_z
DELHI
942
_c
BK
999
_c
3093
_d
3093